Determinación de la calidad ambiental de la Ciénaga Colombia Caucasia - Antioquia - Colombia (Registro nro. 16254)

Detalles MARC
000 -CABECERA
Campo de control 006620000a22002050004500
090 ## - CLASIFICACIÓN LOCAL
Colección AS
Consecutivo SERIADAS
044 ## - PAÍS DE PUBLICACIÓN
País de publicación
041 0# - IDIOMA
Código de idioma para texto/pista de sonido o título separado
100 1# - ASIENTO PRINCIPAL--NOMBRE PERSONAL
Nombre personal Velásquez R., Jesús Oswaldo
245 10 - MENCION DE TITULO
Título Determinación de la calidad ambiental de la Ciénaga Colombia Caucasia - Antioquia - Colombia
651 #4 - ASIENTO SECUNDARIO DE MATERIA - NOMBRE GEOGRAFICO
-- Colombia
-- Medellín
700 1# - ASIENTO SECUNDARIO - NOMBRE PERSONAL
Nombre personal Jiménez G., Gabriel Jaime
700 1# - ASIENTO SECUNDARIO - NOMBRE PERSONAL
Nombre personal Sepúlveda, Mónica
773 1# - Item fuente:
Título Gestión y ambiente
Descripción física 4
Paginas del Articulo 187-199
Lugar, editorial y fecha de publicación 2007
Información sobre la relación 10
942 ## - ELEMENTOS ADICIONALES (KOHA)
Tipo de ítem Artículo

No hay ítems disponibles.